000 00734nam a2200205Ia 4500
005 20241216011328.0
008 190429s9999||||xx |||||||||||||| ||und||
082 _a616.995
_bR53
100 _aRECUAY ORIHUELA, MARIA JESUS Y SOTO SALAZAR, MARIA DEL CARMEN
245 0 _aREPERCUCION DE LAS MEDIDAS PREVENTIVAS EN LA PREVALENCIA DE ENFERMOS DEL PROGRAMA DE CONTROL DE TUBERCULOSIS HOSPITAL DE APOYO DANIEL ALCIDES CARRION CERRO DE PASCO 1991-1992
250 _a0
260 _aCERRO DE PASCO-PERU
_bUNDAC
_c1992
300 _a93 pag.
_c29 cm.
341 _h0
490 _v0
_a0
505 _aMATERIALES-METODOS-RESULTADOS
541 _aD
_bRECUAY ORIHUELA, MARIA JS
_d16-Sep-98
_oSoles
650 _aEnfermería
942 _cTESIS
999 _c38926
_d38926